[Event "It (open)"]
[Site "masterchessopen.com Bad Ragaz (Switzerland)"]
[Round "5"]
[White "Remensberger Paul (SUI)"]
[Black "Milosevic Goran (SUI)"]
[Result "0-1"]
[WhiteElo "2065"]
[BlackElo "2349"]

1.d4 Nf6 2.c4 e6 3.Nc3 Bb4 4.e3 O-O 5.Bd3 c5 6.a3 Bxc3+ 7.bxc3 Nc6 8.Nf3 d6
9.Qc2 e5 10.d5 Ne7 11.h3 Ng6 12.O-O Qe7 13.e4 h6 14.Re1 Nh5 15.Kh2 Nhf4 16.Ng1
Nxd3 17.Qxd3 f5 18.f3 Bd7 19.Ne2 fxe4 20.fxe4 Qh4 21.Be3 Bxh3 22.gxh3 Rf3
23.Rg1 Qg3+ 24.Kh1 Rf2 {#R} 0-1

[Event "Ch Brasiliense"]
[Site "masterchessopen.com Brazil"]
[Round "5"]
[White "Meira Wagner"]
[Black "Goncalves Tasso"]
[Result "1-0"]
[WhiteElo "2086"]
[BlackElo "1977"]

1.d4 Nf6 2.c4 e6 3.Nc3 Bb4 4.a3 Bxc3+ 5.bxc3 c5 6.e3 O-O 7.Bd3 Nc6 8.Nf3 Re8
9.e4 e5 10.d5 Na5 11.O-O d6 12.h3 b6 13.Be3 Ba6 14.Nd2 Nd7 15.Qg4 Kh8 16.f4 f6
17.Rf2 exf4 18.Bxf4 Ne5 19.Bxe5 fxe5 20.Rf7 Rg8 21.Rd7 Qf6 22.Rf1 Qh6 23.Qe2
Bc8 24.Rdf7 b5 25.cxb5 c4 26.Nxc4 Nxc4 27.Bxc4 Bxh3 28.gxh3 Qxh3 29.Qf3 Qh4
30.Be2 Qg5+ 31.Kh2 Qh6+ 32.Qh3 Qd2 33.R1f2 {#r} 1-0

[Event "Izt (w)"]
[Site "masterchessopen.com Kuala Lumpur (Malaysia)"]
[Round "0"]
[White "Zbikowski Wolfgang (GER)"]
[Black "Alexandria Nana (GEO)"]
[Result "1-0"]
[WhiteElo "2205"]
[BlackElo "2342"]

1.d4 Nf6 2.c4 e6 3.Nc3 Bb4 4.e3 c5 5.Bd3 Nc6 6.a3 Bxc3+ 7.bxc3 O-O 8.Ne2 b6
9.e4 Ne8 10.O-O Ba6 11.f4 f5 12.Ng3 Ne7 13.Re1 Qc8 14.d5 exd5 15.exd5 Qd8
16.Ra2 Nd6 17.Qa4 Bb7 18.Rae2 Rf7 19.Re5 g6 20.Nf1 Kg7 21.Be3 Ng8 22.Bf2 Nf6
23.Bh4 a6 24.Qb3 Qc7 25.Nd2 b5 26.Nf3 bxc4 27.Bxc4 Nxc4 28.Qxc4 h6 29.Bxf6+
Kxf6 30.Qd3 d6 31.Re6+ Kg7 32.c4 Raf8 33.Nh4 Kh8 34.Rxg6 Qd8 35.Qg3 Bc8
36.Rxh6+ {#r} 1-0

[Event "Ch World (juniors) (under 18)"]
[Site "masterchessopen.com Singapore"]
[Round "5"]
[White "Santos Carlos P (POR)"]
[Black "Prakash G B (IND)"]
[Result "0-1"]
[WhiteElo "2404"]
[BlackElo "2332"]

1.d4 Nf6 2.c4 e6 3.Nc3 Bb4 4.a3 Bxc3+ 5.bxc3 c5 6.e3 O-O 7.Bd3 Nc6 8.Ne2 b6
9.O-O Ba6 10.e4 Ne8 11.f4 f5 12.Ng3 g6 13.Be3 Nd6 14.Qe2 cxd4 15.cxd4 fxe4
16.Nxe4 Nxe4 17.Bxe4 d5 18.Bd3 Bxc4 19.Bxc4 dxc4 20.Qxc4 Qd5 21.Rac1 Na5
22.Qe2 Nb3 23.Rcd1 Rac8 24.Rfe1 Rc6 25.Bf2 Rxf4 26.Qe5 Rf5 27.Qxd5 Rxd5 28.Re4
Kf7 29.Bg3 Rc1 30.Rxc1 Nxc1 31.Be5 Nd3 32.Re3 Nxe5 33.dxe5 g5 34.g4 Kg6 35.Kg2
h5 36.gxh5+ Kxh5 37.Kf3 Ra5 38.Ke4 Ra4+ {#R} 0-1

[Event "It (open)"]
[Site "masterchessopen.com Stockholm (Sweden)"]
[Round "0"]
[White "Johansson Carl Fredrik (SWE)"]
[Black "Wiedenkeller Michael (SWE)"]
[Result "0-1"]
[WhiteElo "2192"]
[BlackElo "2473"]

1.d4 Nf6 2.c4 e6 3.Nc3 Bb4 4.e3 O-O 5.Bd3 c5 6.a3 Bxc3+ 7.bxc3 Nc6 8.Ne2 b6
9.O-O d6 10.Ng3 Ba6 11.f4 Na5 12.e4 Bxc4 13.f5 Bxd3 14.Qxd3 h6 15.Bf4 e5
16.dxe5 dxe5 17.Qxd8 Raxd8 18.Bxe5 Ng4 19.Bf4 Nc4 20.Rfe1 Rfe8 21.Nf1 Rd3
22.a4 Rxc3 23.Rad1 Nge5 24.Ne3 Nxe3 25.Rxe3 Rxe3 26.Bxe3 Nc4 27.Bf2 Nb2 28.Rd7
Rxe4 29.a5 Ra4 30.Rxa7 Ra1+ 31.Be1 Rxe1+ 32.Kf2 Nd3+ 33.Kf3 {#R} 0-1

[Event "Memorial Horowitz (corr.)"]
[Site "masterchessopen.com corr."]
[Round "0"]
[White "Golyak Isay G (USA)"]
[Black "Walker Gary (ENG)"]
[Result "1-0"]
[WhiteElo "2229"]
[BlackElo "1989"]

1.d4 Nf6 2.c4 e6 3.Nc3 Bb4 4.a3 Bxc3+ 5.bxc3 c5 6.e3 Nc6 7.Bd3 O-O 8.Ne2 b6
9.e4 Ne8 10.Be3 Ba6 11.Ng3 Na5 12.Qe2 Rc8 13.d5 Qh4 14.O-O Nd6 15.f4 Bxc4
16.e5 Bxd3 17.Qxd3 Ndc4 18.Rae1 f5 19.Bc1 Rf7 20.a4 exd5 21.Nxf5 Qg4 22.Ng3
Qe6 23.f5 Qc6 24.e6 dxe6 25.fxe6 Rxf1+ 26.Qxf1 Nd6 27.Nf5 Nxf5 28.Qxf5 Rf8
29.Qg4 Re8 30.Bh6 Re7 31.Bg5 Re8 32.Bf6 g6 33.h4 Rf8 34.e7 Re8 35.Re6 Qd7
36.Bg5 Qc8 37.h5 Kf7 38.Rf6+ {#r} 1-0

[Event "It \"]
[Site "masterchessopen.com Philadelphia (USA)"]
[Round "0"]
[White "Harwar Julie (ENG)"]
[Black "Christensen Wayne (USA)"]
[Result "0-1"]
[WhiteElo "2050"]
[BlackElo "2142"]

1.d4 Nf6 2.c4 e6 3.Nc3 Bb4 4.a3 Bxc3+ 5.bxc3 c5 6.e3 Nc6 7.Bd3 O-O 8.Ne2 b6
9.O-O Ba6 10.e4 Ne8 11.Be3 Nd6 12.dxc5 Nxc4 13.Bxc4 Bxc4 14.Re1 f5 15.exf5
Rxf5 16.cxb6 axb6 17.Nd4 Nxd4 18.Qxd4 b5 19.a4 Qa5 20.Qxd7 bxa4 21.Bd4 Rf7
22.Qd6 a3 23.Qb4 Qa6 24.h3 a2 25.Qc5 Rb8 26.Qe5 Qb5 27.Qxb5 Rxb5 28.Kh2 Rfb7
29.f4 Rb1 30.Rexb1 Rxb1 {#R} 0-1

[Event "It (open)"]
[Site "masterchessopen.com Aviles (Spain)"]
[Round "0"]
[White "Mendoza Contreras Lucas Eduardo"]
[Black "Urday Henry (PER)"]
[Result "0-1"]
[WhiteElo "2310"]
[BlackElo "2482"]

1.d4 Nf6 2.c4 e6 3.Nc3 Bb4 4.a3 Bxc3+ 5.bxc3 c5 6.e3 O-O 7.Bd3 Nc6 8.Ne2 e5
9.O-O b6 10.Ng3 Re8 11.Qf3 d5 12.Qd1 cxd4 13.cxd4 exd4 14.exd4 dxc4 15.Bxc4
Na5 16.Ba2 Ba6 17.Re1 Qxd4 18.Be3 Qxd1 19.Rexd1 Red8 20.Bg5 Bc4 21.Bxf6 gxf6
22.Rdc1 Rac8 23.Nf5 Rc5 24.g4 Be6 25.Ne3 Rxc1+ {#R} 0-1

[Event "It (open)"]
[Site "masterchessopen.com Balatonbereny (Hungary)"]
[Round "0"]
[White "Walton Jonathan S (ENG)"]
[Black "Kiss Attila (HUN)"]
[Result "1-0"]
[WhiteElo "2225"]
[BlackElo "2358"]

1.d4 Nf6 2.c4 e6 3.Nc3 Bb4 4.e3 c5 5.a3 Bxc3+ 6.bxc3 Nc6 7.Bd3 O-O 8.Ne2 b6
9.e4 Ne8 10.Be3 Ba6 11.Ng3 Rc8 12.Qh5 d6 13.O-O Rc7 14.Rad1 g6 15.Qg4 e5 16.d5
Na5 17.Bh6 Bc8 18.Nf5 Nf6 19.Qh4 Nh5 20.Bxf8 Qxf8 21.g3 f6 22.Ne3 Rf7 23.Be2
Ng7 24.f4 Qe7 25.Ng4 Bxg4 26.Qxg4 Ne8 27.Bd3 Kg7 28.Rf2 Nb7 29.Rdf1 Nc7 30.h4
h5 31.Qf3 Rf8 32.f5 Ne8 33.fxg6 Rh8 34.Qf5 Nd8 35.Be2 Rh6 36.Bxh5 Kg8 37.Bd1
Ng7 38.Qxf6 {#r} 1-0

[Event "It (open) \"]
[Site "masterchessopen.com Buenos Aires (Argentina)"]
[Round "4"]
[White "Loiza Martin (ARG)"]
[Black "Veron Jorge (ARG)"]
[Result "1-0"]
[WhiteElo "2070"]
[BlackElo "1811"]

1.d4 Nf6 2.c4 e6 3.Nc3 Bb4 4.a3 Bxc3+ 5.bxc3 c5 6.e3 O-O 7.Bd3 Nc6 8.Ne2 e5
9.O-O d6 10.Ng3 Bg4 11.f3 Bd7 12.Rb1 Qc8 13.f4 Re8 14.fxe5 dxe5 15.Rxf6 Bg4
16.Be2 Bxe2 17.Qxe2 gxf6 18.Qh5 exd4 19.Nf5 Qe6 20.Qg4+ {#r} 1-0

[Event "Ch NRW"]
[Site "masterchessopen.com Cologne (Germany)"]
[Round "6"]
[White "Siebert Lutz (GER)"]
[Black "Tuerk Philipp (GER)"]
[Result "1-0"]
[WhiteElo "2174"]
[BlackElo "2150"]

1.d4 e6 2.c4 Nf6 3.Nc3 Bb4 4.a3 Bxc3+ 5.bxc3 c5 6.e3 Nc6 7.Bd3 O-O 8.Ne2 d6
9.O-O e5 10.e4 h6 11.f4 exd4 12.cxd4 cxd4 13.Rb1 Re8 14.Ng3 b6 15.Bd2 Ng4
16.Qf3 Be6 17.h3 Ne3 18.Bxe3 dxe3 19.Qxe3 Na5 20.f5 Bxc4 21.f6 Bxd3 22.Qxd3
Re6 23.fxg7 Qg5 24.Nf5 Nb7 25.Qf3 Nc5 26.e5 Rd8 27.exd6 Rf6 28.Rbd1 Ne6 29.h4
Rxf5 30.Qxf5 Qxf5 31.Rxf5 Rd7 32.g4 Kxg7 33.Kg2 Kg6 34.h5+ Kg7 35.Kf3 Nc5
36.Re5 Kf6 37.Re7 Rxe7 38.dxe7 Kxe7 39.Kf4 Kf6 40.Rd6+ Ne6+ 41.Kg3 Ke7 42.Rc6
Kd7 43.Rc1 b5 44.Rd1+ Kc6 45.Rf1 Ng5 46.Rf6+ Kc5 47.Rxh6 a5 48.Ra6 a4 49.Kf4
{#r} 1-0

[Event "Ch Europe (team)"]
[Site "masterchessopen.com Debrecen (Hungary)"]
[Round "0"]
[White "Kadimova Ilaha (AZE)"]
[Black "Prudnikova Svetlana (SRB)"]
[Result "1-0"]
[WhiteElo "2314"]
[BlackElo "2349"]

1.d4 Nf6 2.c4 e6 3.Nc3 Bb4 4.e3 c5 5.Bd3 Nc6 6.a3 Bxc3+ 7.bxc3 O-O 8.Ne2 b6
9.e4 Ne8 10.O-O Ba6 11.f4 f5 12.Ng3 g6 13.Be3 Nd6 14.dxc5 Nxc4 15.Bxc4 Bxc4
16.Re1 Qc7 17.Qd2 Na5 18.Rad1 Nb3 19.cxb6 axb6 20.Qxd7 Qxd7 21.Rxd7 fxe4
22.Nxe4 Rxa3 23.Bxb6 Rxf4 24.Bc7 Rxe4 25.Rxe4 Ra1+ 26.Kf2 Ra2+ 27.Kg3 Bf1
28.Rb4 Rxg2+ 29.Kh4 {#r} 1-0

[Event "It (open)"]
[Site "masterchessopen.com Dortmund (Germany)"]
[Round "9"]
[White "Doering Thomas (GER)"]
[Black "Komarov Dimitri (UKR)"]
[Result "0-1"]
[WhiteElo "2205"]
[BlackElo "2455"]

1.d4 Nf6 2.c4 e6 3.Nc3 Bb4 4.e3 c5 5.a3 Bxc3+ 6.bxc3 Nc6 7.Bd3 O-O 8.Ne2 b6
9.e4 Ne8 10.O-O Ba6 11.f4 f5 12.Ng3 g6 13.Be3 Nd6 14.exf5 Nxc4 15.Qe2 Nxe3
16.Qxe3 cxd4 17.cxd4 Bxd3 18.Qxd3 exf5 19.d5 Na5 20.Rfe1 Qf6 21.Qb5 Rf7
22.Rad1 Qd6 23.Re5 Qxa3 24.Qe2 Qc5+ 25.Kh1 Nb7 26.Re8+ Rxe8 27.Qxe8+ Qf8
28.Qe2 b5 29.Qa2 Qc5 {#R} 0-1

[Event "It (open)"]
[Site "masterchessopen.com Iraklion (Greece)"]
[Round "6"]
[White "Gofshtein Zvulon (ISR)"]
[Black "Tompa Janos (HUN)"]
[Result "0-1"]
[WhiteElo "2550"]
[BlackElo "2398"]

1.d4 Nf6 2.c4 e6 3.Nc3 Bb4 4.a3 Bxc3+ 5.bxc3 c5 6.e3 Nc6 7.Bd3 O-O 8.Ne2 Ne8
9.Qc2 f5 10.g4 Qh4 11.gxf5 exf5 12.Bd2 Nd6 13.O-O-O b6 14.Ng3 Ba6 15.Rhg1 Na5
16.dxc5 bxc5 17.Qa4 Qd8 18.e4 Bxc4 19.Bxc4+ Ndxc4 20.Nxf5 Rxf5 21.exf5 Qb6
22.Kc2 Nb2 23.Rxg7+ Kxg7 24.Rg1+ Kh8 25.Qe4 Qb3+ 26.Kc1 Nc6 27.Rg3 Qd1+ {#R}
0-1

[Event "It (cat.9)"]
[Site "masterchessopen.com Ostrava (Czech Republic)"]
[Round "0"]
[White "Hoi Carsten (DEN)"]
[Black "Kveinys Aloyzas (LTU)"]
[Result "1-0"]
[WhiteElo "2445"]
[BlackElo "2545"]

1.d4 Nf6 2.c4 e6 3.Nc3 Bb4 4.e3 O-O 5.Bd3 c5 6.a3 Bxc3+ 7.bxc3 Nc6 8.Ne2 b6
9.e4 Ne8 10.O-O Ba6 11.f4 Na5 12.f5 exf5 13.exf5 Nf6 14.Bg5 h6 15.Bh4 Bxc4
16.Nf4 d5 17.Nh5 Kh7 18.Rf3 Rg8 19.Rh3 Bxd3 20.Qxd3 Nc4 21.Rf1 Rc8 22.Bg5 Rc6
23.Nxg7 Kxg7 24.Bxh6+ Kh8 25.Bf8+ {#r} 1-0

[Event "Ch Europe (juniors)"]
[Site "masterchessopen.com Rimavska Sobota (Slovakia)"]
[Round "0"]
[White "Tihonov Jurij (BLR)"]
[Black "Tzoumbas Anastasios (GRE)"]
[Result "0-1"]
[WhiteElo "2448"]
[BlackElo "2341"]

1.d4 Nf6 2.c4 e6 3.Nc3 Bb4 4.a3 Bxc3+ 5.bxc3 c5 6.e3 Nc6 7.Bd3 O-O 8.Ne2 b6
9.e4 Ne8 10.e5 Ba6 11.Be3 Na5 12.dxc5 Bxc4 13.cxb6 axb6 14.Rb1 Rb8 15.O-O d5
16.Nd4 Qd7 17.f4 Bxd3 18.Qxd3 Nc4 19.Bc1 Nc7 20.Rf3 f5 21.exf6 Rxf6 22.Rf1
Rbf8 23.Be3 Qa4 24.Ne2 e5 25.fxe5 Qc2 26.Qd4 Rxf1+ 27.Rxf1 Qxe2 {#R} 0-1

[Event "It"]
[Site "masterchessopen.com Kecskemet (Hungary)"]
[Round "0"]
[White "Srokowski Jaroslav (UKR)"]
[Black "Siklosi Zoltan (HUN)"]
[Result "1-0"]
[WhiteElo "2410"]
[BlackElo "2328"]

1.d4 Nf6 2.c4 e6 3.Nc3 Bb4 4.e3 O-O 5.a3 Bxc3+ 6.bxc3 c5 7.Bd3 Nc6 8.Ne2 d6
9.e4 e5 10.O-O h6 11.d5 Ne7 12.f3 Bd7 13.f4 exf4 14.Bxf4 Bg4 15.e5 dxe5
16.Bxe5 Nd7 17.Bg3 Ng6 18.Qd2 Nde5 19.Bxg6 Nxg6 20.h3 Bd7 21.Nc1 b6 22.Nd3 Re8
23.Qf2 f6 24.Rae1 Rxe1 25.Rxe1 Qf8 26.Nf4 Nxf4 27.Qxf4 Re8 28.Qc7 Rxe1+
29.Bxe1 Qe8 30.Bf2 Bf5 31.Qxa7 Qd8 32.a4 Bd3 33.a5 bxa5 34.Qxc5 a4 35.d6 {#r}
1-0

[Event "Ch Yugoslavia (w)"]
[Site "masterchessopen.com Belgrade (Yugoslavia)"]
[Round "8"]
[White "Maric Mirjana (SRB)"]
[Black "Markovic Gordana (SRB)"]
[Result "1-0"]
[WhiteElo "2305"]
[BlackElo "2257"]

1.d4 Nf6 2.c4 e6 3.Nc3 Bb4 4.e3 O-O 5.a3 Bxc3+ 6.bxc3 c5 7.Bd3 Nc6 8.e4 Ne8
9.d5 Na5 10.f4 d6 11.Nf3 b5 12.dxe6 Bxe6 13.cxb5 Nb3 14.Rb1 c4 15.Be2 Nf6
16.f5 Nxe4 17.Rxb3 cxb3 18.fxe6 Nxc3 19.Qxb3 Nxe2 20.exf7+ Rxf7 21.Kxe2 Qe7+
22.Kf2 Re8 23.Rd1 Kf8 24.Kg1 h6 25.h3 Rf6 26.Qd3 Qb7 27.a4 Re4 28.a5 Rb4
29.Nd4 Qd5 30.Be3 Rb2 31.Rd2 Qa2 32.Rxb2 Qxb2 33.Nc6 Re6 34.a6 {#r} 1-0

[Event "Ch World (juniors) (under 20)"]
[Site "masterchessopen.com Buenos Aires (Argentina)"]
[Round "0"]
[White "Nakamura Ryuji (JPN)"]
[Black "Masserey Yvan (SUI)"]
[Result "0-1"]
[WhiteElo "2186"]
[BlackElo "2329"]

1.d4 Nf6 2.c4 e6 3.Nc3 Bb4 4.a3 Bxc3+ 5.bxc3 c5 6.e3 Nc6 7.Bd3 O-O 8.Ne2 b6
9.O-O Ne8 10.Ng3 f5 11.f4 Ba6 12.Bb2 Na5 13.e4 g6 14.Qe2 Nd6 15.e5 Ndxc4
16.Nh1 Rc8 17.Nf2 cxd4 18.cxd4 Bb7 19.Bc3 Kh8 20.Bb4 Rg8 21.g4 g5 22.Rac1 Bd5
23.Bxa5 Nxa5 24.Rxc8 Qxc8 25.fxg5 Rxg5 26.h4 Rg8 27.g5 Qc3 28.Qh5 Qxd4 29.Re1
Rg6 30.Qe2 Qxh4 {#R} 0-1

[Event "It (open)"]
[Site "masterchessopen.com Gausdal (Norway)"]
[Round "0"]
[White "Tisdall Jonathan D (NOR)"]
[Black "Lyrberg Patrik (SWE)"]
[Result "0-1"]
[WhiteElo "2465"]
[BlackElo "2420"]

1.d4 Nf6 2.c4 e6 3.Nc3 Bb4 4.e3 c5 5.a3 Bxc3+ 6.bxc3 Nc6 7.Bd3 O-O 8.Ne2 b6
9.O-O Ba6 10.e4 Ne8 11.f4 f5 12.Ng3 fxe4 13.Nxe4 Nf6 14.dxc5 Na5 15.Qe2 Nb3
16.Rb1 Nxc5 17.Nxc5 bxc5 18.g4 Rb8 19.Rxb8 Qxb8 20.Be3 Qd6 21.Rd1 Qc6 22.g5
Ne8 23.Qg2 Qc7 24.Qe4 Rf5 25.Qa8 Rf8 26.Qe4 Rf5 27.Rb1 Nd6 28.Qa8+ Rf8
29.Bxh7+ Kf7 30.Qf3 g6 31.f5 Nxf5 32.Bf4 d6 {#R} 0-1

[Event "Ch Germany (juniors) (under 20)"]
[Site "masterchessopen.com Hamburg (Germany)"]
[Round "0"]
[White "Richter Michael (GER)"]
[Black "Stevanovic Igor (GER)"]
[Result "0-1"]
[WhiteElo "2484"]
[BlackElo "2180"]

1.d4 Nf6 2.c4 e6 3.Nc3 Bb4 4.e3 c5 5.a3 Bxc3+ 6.bxc3 O-O 7.Bd3 Nc6 8.Ne2 d6
9.e4 b6 10.Bg5 h6 11.Bh4 e5 12.d5 Na5 13.Nc1 g5 14.Bg3 Nh7 15.h4 g4 16.f4 gxf3
17.Qxf3 Qf6 18.Qe2 Qg7 19.Bf2 Kh8 20.Kd2 f5 21.exf5 Bxf5 22.Bxf5 Rxf5 23.Be3
Nf6 24.Ke1 Rf8 25.Ra2 Ne4 26.g4 Ng3 27.gxf5 Nxe2 28.Rxe2 Qg3+ 29.Kd1 Nxc4
30.Bxh6 Rxf5 {#R} 0-1

[Event "Zt"]
[Site "masterchessopen.com Nikolaev (Ukraine)"]
[Round "9"]
[White "Aleksandrov Aleksej (BLR)"]
[Black "Savon Vladimir A (UKR)"]
[Result "1-0"]
[WhiteElo "2618"]
[BlackElo "2450"]

1.d4 Nf6 2.c4 e6 3.Nc3 Bb4 4.e3 O-O 5.Bd3 c5 6.a3 Bxc3+ 7.bxc3 Nc6 8.Ne2 e5
9.O-O Re8 10.f3 d6 11.e4 cxd4 12.cxd4 Nxd4 13.Nxd4 Qb6 14.Be3 exd4 15.Rb1 Qc7
16.Bxd4 Nd7 17.f4 Nc5 18.Bc2 Be6 19.e5 Bxc4 20.Rf3 dxe5 21.Bxe5 Rxe5 22.fxe5
Qxe5 23.Qd2 Re8 24.Qf2 Ne4 25.Bxe4 Qxe4 26.Rc1 Bd5 27.Re3 Qa4 28.Qh4 Qb5
29.Qb4 Qd7 30.Rc7 Qd8 31.Qd6 Bc6 32.Qxd8 Rxd8 33.Ree7 Rf8 34.Kf2 g6 35.g4 h6
36.h4 Kg7 37.g5 hxg5 38.hxg5 a5 39.Ke3 a4 40.Kd4 Rd8+ 41.Ke3 Bd5 42.Kf4 Kf8
43.Rcd7 Be6 44.Rxb7 Rd5 45.Ke3 Rxg5 46.Rbc7 Kg7 47.Rxe6 {#r} 1-0

[Event "It (a)"]
[Site "masterchessopen.com Pinsk (Belarus)"]
[Round "7"]
[White "Agrest Evgenij (SWE)"]
[Black "Kiselev Sergey (RUS)"]
[Result "0-1"]
[WhiteElo "2599"]
[BlackElo "2470"]

1.d4 Nf6 2.c4 e6 3.Nc3 Bb4 4.e3 c5 5.Bd3 Nc6 6.a3 Bxc3+ 7.bxc3 O-O 8.Ne2 b6
9.O-O Ba6 10.e4 Ne8 11.f4 f5 12.Ng3 g6 13.Re1 Rc8 14.exf5 exf5 15.dxc5 bxc5
16.Be3 Na5 17.Bf2 Rf7 18.Qa4 Nf6 19.h3 Qc7 20.Re5 d6 21.Re6 Nd7 22.Rd1 Nf8
23.Ree1 Bb7 24.Bf1 Rf6 25.Rd2 Bc6 26.Qd1 Re8 27.Rxe8 Bxe8 {#R} 0-1

[Event "It (b)"]
[Site "masterchessopen.com Tel Aviv (Israel)"]
[Round "0"]
[White "Haimovich Tal (ISR)"]
[Black "Birnboim Nathan (ISR)"]
[Result "1-0"]
[WhiteElo "2408"]
[BlackElo "2369"]

1.d4 Nf6 2.c4 e6 3.Nc3 Bb4 4.e3 c5 5.Bd3 Nc6 6.a3 Bxc3+ 7.bxc3 O-O 8.Ne2 b6
9.e4 Ba6 10.Bg5 d6 11.f4 Qc7 12.O-O Ne8 13.e5 f6 14.exf6 Nxf6 15.d5 Nd8 16.Rf3
h6 17.Bxf6 Rxf6 18.Qa4 Bb7 19.Qe8+ Rf8 20.Qg6 Rf7 21.Re3 Kf8 22.dxe6 Rf6
23.e7+ Qxe7 24.Rxe7 Rxg6 25.Rxb7 Re6 26.Rd7 Nf7 27.Kf2 {#r} 1-0

[Event "It (open) \"]
[Site "masterchessopen.com Cologne (Germany)"]
[Round "2"]
[White "Pyka Andreas (GER)"]
[Black "Brauer Christian (GER)"]
[Result "0-1"]
[WhiteElo "2056"]
[BlackElo "2115"]

1.d4 e6 2.c4 Nf6 3.Nc3 Bb4 4.e3 O-O 5.Bd3 c5 6.a3 Bxc3+ 7.bxc3 Nc6 8.Ne2 b6
9.e4 d6 10.Bg5 h6 11.Bh4 e5 12.O-O g5 13.Bg3 Nh5 14.d5 Na5 15.Nc1 Nf4 16.Bxf4
gxf4 17.Nb3 Nxb3 18.Qxb3 f3 19.Rfe1 f5 20.exf5 Bxf5 21.Qc2 Qg5 22.g3 Qg4
23.Re3 Rae8 24.Be4 Bxe4 25.Qxe4 Rf4 26.h3 Rxe4 27.hxg4 Rxg4 28.Rxf3 Rf8 29.Re3
Rxc4 30.Kg2 Kg7 31.f4 exf4 32.gxf4 Rcxf4 33.Rg3+ Kf7 34.Rh1 Rf6 35.Kh3 Rg8
36.Re3 Rg5 37.Rhe1 Rxd5 38.Re7+ Kg6 39.c4 Rd3+ 40.Kh2 Rxa3 41.Rg1+ Kh5 42.Rg2
Rf4 43.Ree2 Rh4+ {#R} 0-1

[Event "It"]
[Site "masterchessopen.com Gausdal (Norway)"]
[Round "0"]
[White "Lyrberg Patrik (SWE)"]
[Black "Kindermann Stefan (AUT)"]
[Result "0-1"]
[WhiteElo "2405"]
[BlackElo "2519"]

1.d4 Nf6 2.c4 e6 3.Nc3 Bb4 4.e3 c5 5.Bd3 Nc6 6.a3 Bxc3+ 7.bxc3 O-O 8.Ne2 b6
9.e4 Ne8 10.Be3 Ba6 11.O-O Nd6 12.dxc5 Nxc4 13.Bxc4 Bxc4 14.Re1 Qc7 15.Ng3 Ne5
16.cxb6 axb6 17.Qd4 b5 18.Rad1 f6 19.f4 Ng4 20.Qc5 Qb7 21.Qb6 Qc8 22.Rd6 Rxa3
23.h3 Nxe3 24.Rxe3 Rf7 25.Nh5 g6 26.Rg3 Kh8 27.Nxf6 Rxf6 28.Qd4 Qf8 29.Rxd7
Ra8 30.f5 Kg8 31.fxg6 Rxg6 32.Rf3 Qxf3 {#R} 0-1

[Event "Ch India"]
[Site "masterchessopen.com India"]
[Round "4"]
[White "Soman Satchidanand (IND)"]
[Black "Ravi Thandalam Shanmugam (IND)"]
[Result "0-1"]
[WhiteElo "2320"]
[BlackElo "2385"]

1.d4 Nf6 2.c4 e6 3.Nc3 Bb4 4.e3 c5 5.a3 Bxc3+ 6.bxc3 O-O 7.Bd3 Nc6 8.Ne2 b6
9.O-O Ba6 10.e4 Ne8 11.f4 f5 12.Be3 fxe4 13.Bxe4 Bxc4 14.dxc5 Nf6 15.Bf3 Nd5
16.Bxd5 Bxd5 17.Ng3 Qf6 18.Qd3 Na5 19.Rfe1 bxc5 20.Bxc5 Rf7 21.f5 Nb3 22.Bd4
Nxd4 23.Qxd4 Qxd4+ 24.cxd4 Rb8 25.Rab1 Rff8 26.fxe6 dxe6 27.Ne2 Rxb1 28.Rxb1
Rc8 29.Rc1 Rxc1+ 30.Nxc1 Kf7 31.Nd3 Kf6 32.Kf2 Kf5 33.Nc5 e5 34.dxe5 Kxe5
35.g3 Kd4 36.Na6 Kc4 37.Ke3 Kb3 38.Kd4 Bf7 39.Nc7 a5 40.Nb5 a4 41.h4 Be8
42.Nd6 Bd7 43.Nc4 Be6 44.Nd2+ Kxa3 45.Kc3 h5 46.Nb1+ Ka2 47.Nd2 Bb3 48.Nf3 Kb1
49.Ne5 a3 50.Nf3 Bd5 {#R} 0-1

[Event "Memorial I.Boleslavsky (cat.11)"]
[Site "masterchessopen.com Minsk (Belarus)"]
[Round "6"]
[White "Ryskin Alexander (BLR)"]
[Black "Luther Thomas (GER)"]
[Result "1-0"]
[WhiteElo "2515"]
[BlackElo "2510"]

1.d4 e6 2.c4 Nf6 3.Nc3 Bb4 4.a3 Bxc3+ 5.bxc3 c5 6.e3 O-O 7.Bd3 Nc6 8.Ne2 b6
9.O-O Ba6 10.e4 Ne8 11.f4 f5 12.Ng3 g6 13.Re1 Na5 14.exf5 exf5 15.dxc5 bxc5
16.Be3 Rc8 17.Bf2 Nf6 18.Qa4 Ng4 19.Ra2 Bb7 20.Nf1 d5 21.Ne3 Nxe3 22.Bxe3 Bc6
23.Qd1 dxc4 24.Bf1 Qxd1 25.Rxd1 Be4 26.Rb2 Bd3 27.Rb5 Bxf1 28.Rxa5 Bd3 29.Bxc5
Rfe8 30.Rd2 a6 31.Bd4 Rc6 32.Rd5 g5 33.fxg5 h6 34.h4 hxg5 35.hxg5 Kh7 36.g4
Kg6 37.gxf5+ Bxf5 38.Rf2 Bd3 39.Rf6+ Rxf6 40.gxf6 Re2 41.Ra5 Be4 42.Rxa6 Ra2
43.Ra7 Bd5 44.Rg7+ {#r} 1-0

[Event "Ch Norway (team) West"]
[Site "masterchessopen.com Norway"]
[Round "2"]
[White "Aarland Stein Arild (NOR)"]
[Black "Fyllingen Roy Harald (NOR)"]
[Result "0-1"]
[WhiteElo "2250"]
[BlackElo "2330"]

1.d4 Nf6 2.c4 e6 3.Nc3 Bb4 4.a3 Bxc3+ 5.bxc3 c5 6.e3 Nc6 7.Bd3 O-O 8.Ne2 d5
9.O-O e5 10.cxd5 Qxd5 11.e4 Qd6 12.d5 Ne7 13.c4 Ng6 14.Nc3 Bg4 15.f3 Bd7
16.Rb1 b6 17.g3 Rae8 18.a4 h5 19.a5 bxa5 20.Nb5 Qb6 21.Be3 Rc8 22.Rf2 Ne8
23.Ra2 a6 24.Nc3 Qd8 25.Rba1 Nd6 26.Rxa5 f5 27.Rxa6 Qe7 28.Rb1 f4 29.Bf2 Rf6
30.Rbb6 fxg3 31.hxg3 Rcf8 32.Be2 h4 33.g4 Bxg4 34.f4 Bxe2 35.Nxe2 Nxf4 36.Nxf4
Rxf4 37.Ra2 Qg5+ 38.Kf1 Nxe4 {#R} 0-1

[Event "Slovak League 1993/94"]
[Site "masterchessopen.com Slovakia"]
[Round "9"]
[White "Lisko Frantisek (SVK)"]
[Black "Lipka Juraj (SVK)"]
[Result "1-0"]
[WhiteElo "2311"]
[BlackElo "2375"]

1.d4 Nf6 2.c4 e6 3.Nc3 Bb4 4.e3 c5 5.Bd3 Nc6 6.a3 Bxc3+ 7.bxc3 O-O 8.Ne2 b6
9.e4 Ne8 10.e5 d6 11.f4 dxe5 12.dxe5 f5 13.exf6 Nxf6 14.O-O e5 15.Ng3 Bg4
16.Qc2 Qd7 17.f5 Rad8 18.Be4 Bd1 19.Qb1 Ba4 20.Bg5 Ne7 21.Ra2 Qe8 22.Re2 h6
23.Bh4 Qf7 24.Bd3 Nc6 25.Ne4 Qh5 26.Bxf6 gxf6 27.Re3 Ne7 28.Rh3 Qf7 29.Rxh6
Qg7 30.Rh3 Kf7 31.Be2 Rh8 32.Bh5+ Kf8 33.g4 Bc6 34.Rg3 Ng8 35.Rd1 Qc7 36.Rxd8+
Qxd8 37.Rd3 Qc7 38.Nd6 Ba8 39.Nb5 Qc6 40.Rd8+ Kg7 41.Rxa8 Qxa8 42.Nc7 Qf3
43.Ne6+ {#r} 1-0

[Event "It (open)"]
[Site "masterchessopen.com Stockholm (Sweden)"]
[Round "0"]
[White "Agrest Evgenij (SWE)"]
[Black "Safholm Sten (SWE)"]
[Result "1-0"]
[WhiteElo "2475"]
[BlackElo "2059"]

1.d4 Nf6 2.c4 e6 3.Nc3 Bb4 4.a3 Bxc3+ 5.bxc3 c5 6.e3 O-O 7.Bd3 Nc6 8.Ne2 Qc7
9.O-O e5 10.Ng3 Re8 11.d5 e4 12.Nxe4 Nxe4 13.dxc6 Qxc6 14.f3 Nd6 15.Qc2 h6
16.e4 b6 17.Bf4 f6 18.Rad1 Ba6 19.Bxd6 Qxd6 20.Qa4 Bb7 21.Bc2 Qe6 22.Qxd7 Ba6
23.Qxe6+ Rxe6 24.Bb3 Re7 25.Rfe1 Kf7 26.Kf2 Rae8 27.Ba4 Rb8 28.Bb5 Bb7 29.Rd6
Rc8 30.Red1 Rcc7 31.h4 Kg6 32.Rd8 Kf7 33.h5 Bc8 34.Rh8 a6 35.Ba4 Be6 36.Rd6
Bxc4 37.Rxb6 Re6 38.Rbb8 Rd6 39.Be8+ Ke6 40.Bg6 Re7 41.Bf5+ Ke5 42.Kg3 Rd3
43.Rbe8 Rxe8 44.Rxe8+ Kd6 45.e5+ {#r} 1-0